| 000 | 00638nam a2200193 a 4500 | ||
|---|---|---|---|
| 001 | 000019170 | ||
| 005 | 20200929165934.0 | ||
| 008 | 100527s1998 mx ah 000 0 spa d | ||
| 020 | _a9681904516 | ||
| 040 |
_aDO-SdBNP _bspa _cBNPHU |
||
| 082 |
_aCo866.6 _bP797c |
||
| 100 | 1 |
_aPoniatowska, Elena, _d1932- _941268 |
|
| 245 | 1 | 0 |
_aCartas de Álvaro Mutis a Elena Poniatowska / : _bElena Poniatowska. |
| 260 |
_aMéxico : _bAlfaguara. |
||
| 300 |
_a163 p. : _bil., fasc. ; _c22 cm. |
||
| 650 | 4 |
_aCartas colombianas _941269 |
|
| 650 | 4 |
_aLiteratura colombiana _91244 |
|
| 600 | 1 | 4 |
_aMUTIS, ÁLVARO, _d1923- _xCORRESPONDENCIA, MEMORIAS, ETC. _941270 |
| 999 |
_c18688 _d18688 |
||